| 000 | 02719nam a2200457 c 4500 | ||
|---|---|---|---|
| 003 | BLK | ||
| 005 | 20250630110216.0 | ||
| 008 | 180409b bul|||||r ||||||| ||bul|| | ||
| 010 | _aKNG00102796000 | ||
| 020 |
_a954-8004-82-8 _bиздат.: Абагар Холдинг - (многотомно) |
||
| 020 |
_a954-584-032-3 _bиздат.: Абагар Холдинг - на том(т. 11) |
||
| 040 | _aBLK | ||
| 041 |
_aBUL _cBUL |
||
| 080 |
_aОбщи енциклопедии. Енциклопедични речници. Научни справочници. Отраслови енциклопедии и справочници се класират в съответните отдели с определител за форма _b03 _x _z03 |
||
| 080 |
_aГорива _b662.6/.8 _x(031) _z662.6/.8(031) |
||
| 080 |
_aТермодинамика. Енергетика - Изменения на състоянието, уравнения за състоянието, първо начало на термодинамиката, механически еквивалент на топлината, второ начало на термодинамиката, ентропия, _b536.7 _x(031) _z536.7(031) |
||
| 700 | 1 |
_aСидънбърг, Стивън _eавт. на том _9120106 |
|
| 700 | 1 |
_aМихайлова-Гечева, Боряна _eпрев. на том _9363494 |
|
| 139 |
_aДетска енциклопедия Знание _bД 45 |
||
| 245 | 1 | 0 |
_aДетска енциклопедия Знание _bТ. 1 - _cавт. на том Стивън Сидънбърг; прев. на том Боряна Михайлова-Гечева. _nТ. 11 _pГорива и енергия |
| 257 | _aGBR | ||
| 260 |
_аСофия _c1993 - |
||
| 300 | _c26 см | ||
| 380 | _aDN | ||
| 500 | _aОфс. изд. | ||
| 650 | 4 |
_aГорива - енциклопедии и справочници _9307328 |
|
| 650 | 4 |
_aЕнергия - енциклопедии _9307329 |
|
| 650 | 4 |
_aЕнциклопедии, детски _9154962 |
|
| 653 | _aгорива | ||
| 653 | _aенергия | ||
| 653 | _aенциклопедии | ||
| 653 | _aдетска литература | ||
| 653 | _aлитература за деца | ||
| 760 | 1 |
_3- (многотомно) _dАбагар Холдинг, 1993 _h63 с. : с цв. ил. _nОриг. загл. Fuel and Energy / Steven Seidenberg. - 30 200 тир. - Речник ; Предм. показалец. _tТ. 11 Горива и енергия |
|
| 852 | _aЦб ІІ 11684 | ||
| 856 | 4 |
_qpdf _u |
|
| 856 | 4 |
_qpdf _u |
|
| 942 |
_cKNG _n0 _01 |
||
| 944 |
_aCR _c01.01.1999 _lИваничка Йорданова _k30553 |
||
| 944 |
_aED _c07.06.2017 _lф / _kЛюдмила_Стоянова |
||
| 999 |
_c97881 _d97881 |
||